Bei welcher Fußball-Weltmeisterschaft war das? - Statistiken

Allgemein
  • Dieses Quiz wurde 182 mal gespielt
  • Das Durchschnittsergebnis liegt bei 11 aus 15
Antwortstatistiken
Hint Antwort % Korrekt
Ein dramatisches Elfmeterschießen krönt Messi zum Weltmeister 2022
91%
Kroatien erreicht das WM-Finale 2018
90%
Tshabalala lässt die Vuvuzelas ertönen 2010
87%
Zidane-Kopfstoß gegen Materazzi überschattet den Titelgewinn Italiens 2006
82%
Südkorea sorgt für Sensationen und schießt Italien und Spanien aus dem Turnier 2002
80%
Eines der umstrittensten Tore fällt im Wembley-Stadion zwischen England und Deutschland 1966
74%
Suarez´ Biss in Chiellinis Schulter 2014
73%
Franz Beckenbauer schlendert mutterseelenallein über den Rasen Roms 1990
71%
Roberto Baggio verschießt den entscheidenden Elfmeter im Finale gegen Brasilien 1994
70%
Pelé macht sich bei 50°C in Mexiko unvergesslich 1970
67%
Frankreich wird erstmals Weltmeister 1998
66%
Das deutsch-deutsche Duell in Hamburg 1974
65%
Maradona erzielt das Tor "Hand Gottes" 1986
64%
Die "Nacht von Sevilla" 1982
55%
Viele Länder protestierten gegen die Teilnahme aufgrund der argentinischen Militärjunta 1978
50%
Keine übereinstimmenden Quizze gefunden
Verteilung der Resultate
Anzahl Personen mit jedem Resultat
Perzentil nach korrekt beantworteten Fragen
Ihre Resultats-Entwicklung
Sie haben dieses Quiz noch nicht gespielt